000 00454nam a2200169 i 4500
001 35752
003 ES-MaACL
005 20230906155214.0
007 t|
008 030214s1920 fr ||||1| fre d
100 1 _aBoylesve, René.
_931200
245 1 3 _aLa becquée /
_cRené Boylesve.
260 _aParís :
_bCalmann-Lévy,
_c[1920] (
_eLagny :
_fE. Grevin)
300 _a293 p. ;
_c19 cm.
852 _aES-MaACL
_jF-9577
852 _aES-MaACL
_jG-8802
999 _c35752
_d35752